Sports Quiz

Random Sports or NFL Quiz
Score 0/27 Timer 05:00
5 Plays Today
Wins Coach % Correct
257Don Shula
86.3%
106Mike Ditka
82.1%
250Tom Landry
79.7%
237Bill Belichick
75.5%
130Andy Reid
70.9%
318George Halas
69.8%
149Bill Cowher
69.2%
103John Madden
69.1%
193Chuck Noll
66.8%
138Mike Shanahan
66.5%
154Joe Gibbs
63.2%
158Paul Brown
61.6%
112Marv Levy
57.6%
142Jeff Fisher
57.5%
Wins Coach % Correct
102Tom Coughlin
57.5%
118John Harbaugh
52.9%
131Marvin Lewis
52.5%
133Mike Tomlin
51.6%
209Curly Lambeau
47.7%
125Mike McCarthy
44.1%
110Dan Reeves
42.6%
124Hank Stram
42.5%
158Bud Grant
38.8%
101Marty Schottenheimer
31.6%
131Sean Payton
29.7%
100Pete Carroll
24.2%
151Steve Owen
9.1%
Remove Ads.
Support Sporcle.
Get the best of Sporcle when you Go Orange. This ad-free experience offers more features, more stats, and more fun while also helping to support Sporcle. Thank you for becoming a member.

You're not logged in!

Compare scores with friends on all Sporcle quizzes.
OR
Log In

Sporcle TV

Today on Sporcle TV


Watch our educational content, quiz creation guides, and fun videos on Sporcle TV.

Show Comments

Extras

Top Quizzes Today


Score Distribution

Paid Content

Your Account Isn't Verified!

In order to create a playlist on Sporcle, you need to verify the email address you used during registration. Go to your Sporcle Settings to finish the process.

Report this User

Report this user for behavior that violates our Community Guidelines.

Details: